Electric circuits / (Record no. 4092)
[ view plain ]
| 000 -LEADER | |
|---|---|
| fixed length control field | 00718nac a22001931u 4500 |
| 010 ## - LIBRARY OF CONGRESS CONTROL NUMBER | |
| LC control number | 93026186 |
| 020 ## - INTERNATIONAL STANDARD BOOK NUMBER | |
| International Standard Book Number | 0070048045 (alk. paper) |
| 082 00 - DEWEY DECIMAL CLASSIFICATION NUMBER | |
| Classification number | 621.3192 |
| Item number | B1711 |
| 090 ## - LOCALLY ASSIGNED LC-TYPE CALL NUMBER (OCLC); LOCAL CALL NUMBER (OCLC) | |
| -- | 4092 |
| -- | 4092 |
| 100 ## - MAIN ENTRY--PERSONAL NAME | |
| Personal name | Balabanian, Norman, |
| 245 10 - TITLE STATEMENT | |
| Title | Electric circuits / |
| Statement of responsibility, etc | Norman Balabanian. |
| 260 ## - PUBLICATION, DISTRIBUTION, ETC. (IMPRINT) | |
| Place of publication, distribution, etc | New York : |
| Name of publisher, distributor, etc | McGraw-Hill,1994 |
| Date of publication, distribution, etc | 1994. |
| 300 ## - PHYSICAL DESCRIPTION | |
| Extent | xxii, 725 p. : |
| Other physical details | ill. (some col.) ; |
| Dimensions | 25 cm. |
| 440 #0 - | |
| -- | McGraw-Hill series in electrical and computer engineering. |
| 500 ## - GENERAL NOTE | |
| General note | Includes index. |
| 650 #0 - SUBJECT ADDED ENTRY--TOPICAL TERM | |
| Topical term or geographic name as entry element | Electric circuit analysis. |
| 942 ## - ADDED ENTRY ELEMENTS (KOHA) | |
| Item type | Book - Borrowing |
| Call number prefix | 621.3192B1711 |
| Withdrawn status | Item status | Damaged status | Not for loan | Home library | Current library | Shelving location | Date acquired | Source of acquisition | Total Checkouts | Total Renewals | Full call number | Barcode | Date last seen | Date last borrowed | Koha item type |
|---|---|---|---|---|---|---|---|---|---|---|---|---|---|---|---|
| Central Library | Central Library | First floor | 21/08/2007 | Purchase | 1 | 4 | 621.3192 BAL | 000000007 | 15/07/2025 | 08/02/2017 | Book - Borrowing |